Seminario sobre nuevas tendencias y responsabilidades en Latinoamérica eUNESCO, UDUAL, AUI, UNAM.

Guardat en:
Dades bibliogràfiques
Autor corporatiu: Seminario sobre nuevas tendencias y responsabilidades en Latinoamérica UNESCO, UDUAL, AUI, UNAM :, UNESCO, UNAM, Unión de Universidades de América Latina (UDUAL)
Format: Actes de congresos Llibre
Idioma:espanyol
Matèries:
Etiquetes: Afegir etiqueta
Sense etiquetes, Sigues el primer a etiquetar aquest registre!

MARC

LEADER 00000cam^a2200000uu^4500
001 000479225
005 20250521000000.0
008 050901s1978^^^^^^^^^^^^rd^r^1000^0^spa^d
009 20260310124933.57
035 |a FCE 000022227 
035 |a FCE 001606 
037 |a Acervo ITESO - Biblioteca 
041 |a spa 
082 0 4 |a 378.4  |b SEM 
111 |a Seminario sobre nuevas tendencias y responsabilidades en Latinoamérica :  |d (28-1 ago./sep. 1978)  |e UNESCO, UDUAL, AUI, UNAM : 
245 1 0 |a Seminario sobre nuevas tendencias y responsabilidades en Latinoamérica eUNESCO, UDUAL, AUI, UNAM. 
264 |a México :  |b UDUAL,  |c 1978. 
300 |a 200 p. 
336 |a texto  |b txt  |2 rdacontenido 
337 |a sin mediación  |b n  |2 rdamedio 
338 |a volumen  |b nc  |2 rdasoporte 
649 |a XX 
650 |a Educación superior 
650 |a Tendencias de la educación 
650 |a Innovación educativa 
650 |a América Latina 
710 |a UNESCO 
710 |a UNAM 
710 |a Unión de Universidades de América Latina (UDUAL) 
910 |a Fondo Centro de Estudios Educativos 
920 |a Impresos - Libros 
930 |a Fondos Especiales 
905 |a 133 
901 |a ALE001606  |b IT2  |c CEE  |u 20250521 
902 |a https://opac.biblio.iteso.mx/vufind/Record/000479225